00544 2200205 4500001002100000005001500021008004100036020001800077035002500095041000800120082000800128090000800136100001700144245007500161250001700236260003000253300002800283650001500311650001200326INLIS00000000001973120130516054457 ind  a979-534-300-4 a0010-051300000019731 aind a932 a932 aJane, Walker a100 Pengetahuan Tentang Mesir Kuno c.3/ penerjemah, Anggelina, Hapsari aCetakan : 11 aBandungbPakar Rayac2007 a48 hlm. : ilus. ;29 cm. aMesir Kuno aSejarah